| 000 | 00481nam a22001817a 4500 | ||
|---|---|---|---|
| 005 | 20260423123543.0 | ||
| 008 | 260423b |||||||| |||| 00| 0 eng d | ||
| 037 | _cDSWL | ||
| 040 |
_aDSWL _cDSWL |
||
| 041 | _heng | ||
| 100 |
_aRose, Sonya D _91235511 |
||
| 245 | _aWhat is gender history ? | ||
| 260 |
_aJaipur, _bRawat Publication, _c2018 |
||
| 300 | _a157p | ||
| 365 |
_aINR _b595 |
||
| 942 |
_2CC _cTEXL _n0 |
||
| 999 |
_c1848417 _d1848417 |
||